Purchasing in the 21st century : a guide to state-of-the-art techniques and strategies

Bibliographic Details
Main Author: Schorr, John E. (Author)
Format: Book
Published: Essex Junction, Vt. : Oliver Wight , c1992
Subjects:

MARC

LEADER 00000cam a2200000 7i4500
001 0000033634
005 20021119093000.0
008 021119n
020 |a 0939246228 
090 0 0 |a HD39.5   |b .S364 1992 
100 0 |a Schorr, John E. ,   |e author 
245 0 0 |a Purchasing in the 21st century :   |b a guide to state-of-the-art techniques and strategies   |c John E. Schorr 
260 2 |a Essex Junction, Vt. :   |b Oliver Wight ,   |c c1992 
300 |a x, 286 p. ; ;   |c 24 cm. 
504 |a Includes index 
650 0 |a Industrial procurement 
650 0 |a Just-in-time systems 
650 0 |a Manufacturing resource planning 
999 |a 1000067614   |b Book   |c OPEN SHELF (30 DAYS)   |e Gong Badak Campus